Statystyki dla Rozpoznaj roślinę 4

Kliknij tutaj aby rozwiązać quiz!

Ogólne statystyki

  • Ten quiz został rozwiązany 9 razy
  • Średni wynik to 12 z 32

Statystyki odpowiedzi

Odpowiedź% Poprawnych
Bodziszek cuchnący
100%
Bluszczyk kurdybanek
75%
Czosnek niedźwiedzi
75%
Lilia złotogłów
75%
Niezapominajka błotna
75%
Wawrzynek wilczełyko
75%
Zawilec gajowy
75%
Bobrek trójlistkowy
50%
Dąbrówka rozłogowa
50%
Bukowica zwyczajna
25%
Cebulica dwulistna
25%
Ciemiężyk białokwiatowy
25%
Czosnaczek pospolity
25%
Dzwonek brzoskwiniolistny
25%
Groszek skrzydlasty
25%
Klinopodium pospolite
25%
Miodownik melisowaty
25%
Miodunka wąskolistna
25%
Modrzewnica pospolita
25%
Możylinek trójnerwowy
25%
Niezapominajka leśna
25%
Pięciornik biały
25%
Pomocnik baldaszkowy
25%
Przenęt purpurowy
25%
Przylaszczka pospolita
25%
Pszeniec gajowy
25%
Sasanka otwarta
25%
Sierpik barwierski
25%
Siódmaczek leśny
25%
Wrotycz baldachogroniasty
25%
Wrzos pospolity
25%
Zdrojówka rutewkowata
25%

Rozkład punktacji

Percentyl według liczby udzielonych odpowiedzi

Procent ludzi z każdym wynikiem

Twoja historia wyników

Nie rozwiązałeś tego quizu